000 00396nam a2200157Ia 4500
008 220204s9999 xx 000 0 und d
082 _a581.5
_bHAY
245 0 _aBiological science: An ecological approach
250 _aEd.3
260 _aChicago
_bRand Mcnally
_c1973
650 _aBioenergetics
650 _aBiosphere
650 _aEcology
700 _aHAYNES, Nancy Lehmann
942 _cBK
999 _c23613
_d23613